000 00444nam a2200169Ia 4500
003 LK-CoDNM
005 20240229153036.0
008 010623t1890 xxu||||| |||| 00| 1 sin d
040 _aLK-CoDNM
_dLK-CoDNM
_eLK-CoDNM
041 _asin
080 _a104 X12
245 _aහිරකාරයෝ
246 _aThe Captives
260 _bCeylon Religious tract society
_aColombo
_c1890
300 _bDamaged
_a4p., 14 260: 3rd cm
942 _cBK
999 _c83280
_d83280